000 00618nam a2200229Ia 4500
003 OSt
005 20220928115725.0
006 a|||||r|||| 00| 0
007 ta
008 220927b |||||||| |||| 00| 0 eng d
024 _a40343
037 _cTextual
040 _aSDCL
_cSDCL
_beng
041 _2eng
_aeng
082 _aV2,3:9'N9, N9
100 _aBiju M R
_9445773
245 0 _aParliamentary democracy and politis change in India
260 _aNew Delhi
_bKanishka Publishers
_c1999
300 _axi,344p
_ccm.
942 _hV2,3:9'N9, N9
_cTEXL
_2CC
999 _c760673
_d760673